Statistics for Objects by Picture - Q

Click here to take the quiz!

General Stats

  • This quiz has been taken 30 times
  • The average score is 6 of 9

Answer Stats

Answer % Correct
Quill
97%
Quartz
93%
Quarter
90%
Quiche
83%
Quail's Egg
80%
Quarry
67%
Quinoa
63%
Quince
43%
Quark
30%

Score Distribution

Percentile by Number Answered

Percent of People with Each Score

Your Score History

You have not taken this quiz